header

World film locations (Record no. 92346)

MARC details
000 -LEADER
fixed length control field 01078nam a2200277 a 4500
245 00 - TITLE STATEMENT
Title World film locations
260 ## - PUBLICATION, DISTRIBUTION, ETC. (IMPRINT)
Place of publication Bristol, U.K. :
Name of publisher Intellect,
Year of publication 2011.
300 ## - PHYSICAL DESCRIPTION
Number of Pages 128 p. :
Other physical details ill. (some col.), col. maps.
650 #0 - SUBJECT ADDED ENTRY--TOPICAL TERM
Topical Term Motion pictures
700 1# - ADDED ENTRY--PERSONAL NAME
Personal name Block, Marcelline.
856 40 - ELECTRONIC LOCATION AND ACCESS
Uniform Resource Identifier http://site.ebrary.com/lib/rucke/Doc?id=10551868

No items available.

© 2026 Rongo University
Contact us: librarian | system librarian | Rongo university